Políticas de población en Centroamérica, el Caribe y México
Gespeichert in:
| Hauptverfasser: | , |
|---|---|
| Format: | Buch |
| Sprache: | Spanisch |
| Veröffentlicht: |
Cuernavaca
Ediciones Buena Tinta
1994
|
| Ausgabe: | 1a. ed |
| Schlagworte: | |
| Tags: |
Tag hinzufügen
Keine Tags, Fügen Sie den ersten Tag hinzu!
|
MARC
| LEADER | 00000cam a2200000 a 4500 | ||
|---|---|---|---|
| 001 | UCF3532 | ||
| 003 | CL-VaPUC | ||
| 008 | 121018e19940600MX |||||||||||||||||spa|d | ||
| 020 | |a 968660507X | ||
| 082 | 0 | 4 | |a 304.809 |b BEN |2 21 |
| 100 | 0 | |a Benítez Zenteno, Raúl |e author |9 565358 | |
| 700 | 0 | |a Ramírez Rodríguez, Eva Gisela |e author |9 565359 | |
| 245 | 1 | 0 | |a Políticas de población en Centroamérica, el Caribe y México |
| 250 | |a 1a. ed | ||
| 300 | |a 595 p | ||
| 942 | |c BK | ||
| 945 | |d 20121018 00:00:00 |a dcastane | ||
| 260 | |a Cuernavaca |b Ediciones Buena Tinta |c 1994 | ||
| 650 | 7 | |a POLITICA DE POBLACION |2 CL-VaPUC |9 326735 | |
| 650 | 0 | |a Demografía |9 260008 | |
| 583 | |a last modification |c 20121018 14:27:00 |k Rodrigo Vera | ||
| 999 | |c 349818 |d 349816 | ||
| 952 | |0 0 |1 0 |4 0 |6 304_809000000000000_BEN_1994 |7 0 |8 A |9 452619 |a BIBHIS |b BIBHIS |d 2019-11-22 |i 4915747 |o 304.809 BEN 1994 |p 4915747 |r 2025-01-20 |w 2019-11-22 |y BK |k HIS | ||